000 00272nam a2200109Ia 4500
008 220204s9999 xx 000 0 und d
082 _a91(038)
_bBUC
100 _aBuchanan, R O
245 0 _aIllustrated dictionary of geography
260 _aLondon
_bFEP
_c1974
942 _cBK
999 _c32197
_d32197